000 00671nam a2200241Ia 4500
003 OSt
005 20220916111120.0
006 a|||||r|||| 00| 0
007 ta
008 220915b |||||||| |||| 00| 0 eng d
020 _a0883868040
024 _a253219
037 _cTextbook
040 _beng
_aARTS
_cARTS
041 _aeng
082 _aWz7, L6;3
100 _aPulparampil John K.
245 0 _aPolitical analysis:Shifting trends and questionable assumptions
260 _aCalcutta
_bMinerva Associates Publications India
650 _aPOLITICAL SCIENCE
942 _hWz7, L6;3
_cTB
_2CC
999 _c105856
_d105856